[Event "Shanghai COITCT 2019"]
[Site "Shanghai"]
[Date "2019.09.17"]
[Round "8.5"]
[White "Ma, Zhonghan"]
[Black "Zhigalko, Sergei"]
[Result "0-1"]
[WhiteElo "2485"]
[BlackElo "2574"]
[Annotator "TA"]
[PlyCount "98"]
[EventDate "2019.09.15"]
[EventType "team-tourn"]
[EventCountry "CHN"]
[SourceTitle "playchess.com"]
[Source "ChessBase"]
[SourceQuality "1"]

{[%evp 24,98,29,23,28,21,39,-4,-4,-23,0,0,0,-42,-33,-85,-60,-81,0,0,0,-22,0,0,0,0,0,0,0,0,0,0,0,-6,-3,-3,-8,-10,-8,-8,0,-8,-8,-7,-8,-8,0,-11,-5,-203,-31,-123,-90,-103,-8,-15,0,0,0,-30,-32,-141,-18,-208,-184,-313,-162,-306,-278,-961,-926,-904,-860,-1704,-1669,-1658,-1543]} 1. d4 Nf6 2. c4 e6 3. Nf3 b6 4. g3 Ba6 5. b3 Bb4+ 6. Bd2 Be7 7. Bg2 c6 8. Bc3 d5 9. Ne5 Nfd7 10. Nxd7 Nxd7 11. Nd2 O-O 12. O-O f5 13. a4 Nf6 {E15: Queen's Indian: 4 g3 sidelines, 4 g3 Ba6 and 4 g3 Bb7 early deviations} 14. a5 Bd6 {[#]} 15. e3 $146 ({Predecessor:} 15. Ra2 Qe7 16. Qa1 b5 17. c5 Bc7 18. b4 Bc8 19. Nf3 Ne4 20. Ne5 Bxe5 21. dxe5 Nxc3 22. Qxc3 {½-½ (31) Mchedlishvili,M (2586)-Zhigalko,S (2675) Dubai 2015}) 15... b5 {[%cal Rb5c4] The position is equal.} 16. Qc2 bxc4 17. bxc4 Ne4 18. Nxe4 fxe4 19. Ra4 {[#]} (19. Bd2 $15) 19... Rb8 $1 $17 20. Rc1 Rf7 (20... h5 $17) 21. Be1 Rfb7 22. Qd1 Qf6 23. Raa1 Bb4 24. cxd5 cxd5 25. Rab1 Bxe1 26. Qxe1 Rb2 27. Rxb2 Rxb2 28. Bf1 Bd3 29. Rd1 Qf5 30. Rd2 {[#]} Rb1 $1 $36 {[%mdl 2560] Black has good play.} 31. Rd1 Rb2 32. Rd2 Rb3 33. Bxd3 exd3 $11 {[%mdl 4096] Endgame KQR-KQR} 34. Kg2 h5 35. Qd1 Rc3 36. Qf3 $2 (36. Qa1 $11 Rc2 37. Rxc2 dxc2 38. Qc3) 36... Qg6 $2 (36... Qe4 $19 37. Rd1 g5 38. Qxe4 dxe4) 37. h3 (37. Qd1 $15) 37... Rc2 38. Rd1 Rc8 (38... Qe4 $17 39. Qxe4 dxe4) 39. g4 Rf8 40. Qg3 Qe4+ 41. Kg1 (41. f3 $5 {[%cal Rf3e4]} Qxe3 42. Qf2 Qxf2+ 43. Kxf2 $11) 41... hxg4 42. Qxg4 {[#]} ({White has to play} 42. hxg4 $15 Kf7 43. Rd2) 42... Rf5 ({Black should play} 42... Rf6 $1 $17 {[%cal Rf6g6] ...Rg6! is the strong threat.} 43. Qxe4 dxe4) 43. Qxe4 $2 (43. Rd2 $11 {and White has nothing to worry.}) 43... dxe4 {KR-KR} 44. Kg2 (44. a6 {keeps fighting.}) 44... Rg5+ (44... Rxa5 $142 45. h4 Rf5) 45. Kf1 (45. Kh2 $142) 45... Rxa5 $19 46. f3 $2 (46. Ke1) 46... Rf5 {Black is clearly winning.} 47. f4 Ra5 48. Rd2 Ra1+ 49. Kf2 a5 {Accuracy: White = 34%, Black = 41%.} 0-1

[Event "Shanghai COITCT 2019"]
[Site "Shanghai"]
[Date "2019.09.17"]
[Round "8.6"]
[White "Zarubitski, Viachaslau"]
[Black "Mu, Ke"]
[Result "1/2-1/2"]
[WhiteElo "2435"]
[BlackElo "2414"]
[Annotator "NA"]
[PlyCount "132"]
[EventDate "2019.09.15"]
[EventType "team-tourn"]
[EventCountry "CHN"]
[SourceTitle "playchess.com"]
[Source "ChessBase"]
[SourceQuality "1"]
[TimeControl "1500+10"]

1. e4 {[%emt 0:00:00]} e6 {[%emt 0:00:00]} 2. d4 {[%emt 0:00:00]} d5 {[%emt 0:00:00]} 3. Nc3 {[%emt 0:00:00]} Bb4 {[%emt 0:00:00]} 4. e5 {[%emt 0:00:00]} c5 {[%emt 0:00:02]} 5. a3 {[%emt 0:00:00]} Bxc3+ {[%emt 0:00:03]} 6. bxc3 {[%emt 0:00:01]} Ne7 {[%emt 0:00:02]} 7. Qg4 {[%emt 0:00:02]} O-O {[%emt 0:00:02]} 8. Bd3 {[%emt 0:00:04]} f5 {[%emt 0:00:01]} 9. exf6 {[%emt 0:00:02]} Rxf6 {[%emt 0:00:02]} 10. Bg5 {[%emt 0:00:02]} Rf7 {[%emt 0:00:03]} 11. Qh5 {[%emt 0:00:00]} g6 {[%emt 0:00:12]} 12. Qd1 {[%emt 0:00:01]} Nbc6 {[%emt 0:00:18]} 13. Nf3 {[%emt 0:00:03]} Qa5 {[%emt 0:00:19]} 14. Bd2 {[%emt 0:00:02]} c4 {[%emt 0:00:02]} 15. Be2 {[%emt 0:00:04]} Nf5 {[%emt 0:00:07]} 16. h4 {[%emt 0:00:46]} Bd7 {[%emt 0:00:40]} 17. h5 {[%emt 0:00:40]} e5 {[%emt 0:01:51]} 18. hxg6 {[%emt 0:04:29]} hxg6 {[%emt 0:00:01]} 19. Nxe5 {[%emt 0:00:39]} Nxe5 {[%emt 0:00:03]} 20. dxe5 {[%emt 0:00:01]} Re8 {[%emt 0:00:26]} 21. Bf3 {[%emt 0:04:06]} Rxe5+ {[%emt 0:00:12]} 22. Kf1 {[%emt 0:00:01]} Bc6 {[%emt 0:01:20]} 23. Bf4 {[%emt 0:01:57]} Re6 {[%emt 0:03:07]} 24. Rh3 {[%emt 0:01:13]} Ng7 {[%emt 0:07:16]} 25. Qd2 {[%emt 0:02:30]} a6 {[%emt 0:03:10]} 26. Be3 {[%emt 0:02:59]} d4 {[%emt 0:02:03]} 27. Qxd4 {[%emt 0:00:24]} Bxf3 {[%emt 0:00:08]} 28. Rxf3 {[%emt 0:02:05]} Rxf3 {[%emt 0:00:17]} 29. gxf3 {[%emt 0:00:06]} Qf5 {[%emt 0:00:08]} 30. Kg2 {[%emt 0:00:31]} Qxc2 {[%emt 0:01:00]} 31. Qxc4 {[%emt 0:00:14]} b5 {[%emt 0:01:08]} 32. Qc8+ {[%emt 0:00:52]} Re8 {[%emt 0:00:01]} 33. Qc5 {[%emt 0:00:01]} Qf5 {[%emt 0:01:14]} 34. Qd4 {[%emt 0:01:24]} Ne6 {[%emt 0:00:47]} 35. Qh4 {[%emt 0:01:13]} Rf8 {[%emt 0:00:31]} 36. Qg3 {[%emt 0:00:31]} Ng7 {[%emt 0:02:41]} 37. Rd1 {[%emt 0:01:28]} Nh5 {[%emt 0:00:16]} 38. Qg4 {[%emt 0:00:01]} Nf4+ {[%emt 0:00:01]} 39. Bxf4 {[%emt 0:01:28]} Qxg4+ 40. fxg4 {[%emt 0:00:01]} Rxf4 {[%emt 0:00:02]} 41. Kg3 {[%emt 0:01:11]} Ra4 {[%emt 0:00:01]} 42. Rd6 {[%emt 0:00:29]} Kg7 {[%emt 0:00:05]} 43. Kh4 {[%emt 0:00:05]} Kh6 {[%emt 0:00:06]} 44. Rc6 {[%emt 0:00:22]} Rxa3 {[%emt 0:00:07]} 45. g5+ {[%emt 0:00:05]} Kg7 {[%emt 0:00:00]} 46. Rc7+ {[%emt 0:00:01]} Kf8 {[%emt 0:00:03]} 47. f4 {[%emt 0:00:03]} Ra4 {[%emt 0:00:04]} 48. Kg4 {[%emt 0:00:08]} Rc4 {[%emt 0:00:11]} 49. Ra7 {[%emt 0:00:10]} Rxc3 {[%emt 0:00:11]} 50. Rxa6 {[%emt 0:00:01]} Kg7 {[%emt 0:00:01]} 51. Ra7+ {[%emt 0:00:05]} Kg8 {[%emt 0:00:01]} 52. Ra8+ {[%emt 0:00:01]} Kg7 {[%emt 0:00:01]} 53. Ra7+ {[%emt 0:00:00]} Kg8 {[%emt 0:00:01]} 54. Rb7 {[%emt 0:00:01]} Rc5 {[%emt 0:00:21]} 55. Kf3 {[%emt 0:00:06]} Rf5 {[%emt 0:00:06]} 56. Ke4 {[%emt 0:00:07]} Kf8 {[%emt 0:00:01]} 57. Ra7 {[%emt 0:00:15]} Kg8 {[%emt 0:00:01]} 58. Ra8+ {[%emt 0:00:27]} Kg7 {[%emt 0:00:01]} 59. Ra7+ {[%emt 0:00:21]} Kg8 {[%emt 0:00:01]} 60. Ra6 {[%emt 0:00:01]} Kg7 {[%emt 0:00:01]} 61. Rb6 {[%emt 0:00:01]} Kf7 {[%emt 0:00:04]} 62. Rb7+ {[%emt 0:00:01]} Kf8 {[%emt 0:00:01]} 63. Ke3 {[%emt 0:00:08]} Kg8 {[%emt 0:00:04]} 64. Rb8+ {[%emt 0:00:44]} Kg7 {[%emt 0:00:00]} 65. Rb7+ {[%emt 0:00:01]} Kg8 {[%emt 0:00:01]} 66. Rc7 {[%emt 0:00:01]} Kf8 {[%emt 0:00:01]} 1/2-1/2

[Event "Shanghai COITCT 2019"]
[Site "Shanghai"]
[Date "2019.09.17"]
[Round "8.7"]
[White "Idani, Pouya"]
[Black "Zvjaginsev, Vadim"]
[Result "1/2-1/2"]
[WhiteElo "2586"]
[BlackElo "2644"]
[Annotator "TA"]
[PlyCount "40"]
[EventDate "2019.09.15"]
[EventType "team-tourn"]
[EventCountry "CHN"]
[SourceTitle "playchess.com"]
[Source "ChessBase"]
[SourceQuality "1"]

{[%evp 20,40,51,37,53,0,0,-7,12,10,0,0,0,-51,-44,-57,-56,-86,-80,-87,-79,-89,-79]} 1. e4 c5 2. Nf3 g6 3. d4 cxd4 4. Nxd4 Nc6 5. c4 Nf6 6. Nc3 d6 7. Be2 Nxd4 8. Qxd4 Bg7 9. Be3 O-O 10. Qd3 Be6 11. O-O a6 {B36: Sicilian: Maroczy Bind: Gurgenidze System} (11... a5 12. Rac1 a4 13. b3 axb3 14. axb3 Nd7 15. Nd5 Nc5 16. Qc2 Bxd5 17. exd5 Qb6 18. Rb1 Qb4 19. Bd2 {1-0 (31) Gogolev,A (2408)-Sharafiev,A (2433) Sochi 2017}) 12. Rac1 (12. b3 $14) 12... b5 $11 13. cxb5 $146 ({Predecessor:} 13. b3 bxc4 14. bxc4 Nd7 15. Nd5 Nc5 16. Qc2 Bd7 17. Bxc5 dxc5 18. Rb1 Bc6 {0-1 (35) Wandesleben,D-Buttkus,A (2032) Berlin 2017}) 13... axb5 {The position is equal.} 14. Nxb5 {With the idea Nc7.} Rxa2 15. Bd4 Bd7 16. Qb3 ({Better is} 16. Nc7 $11) 16... Ra8 $15 17. e5 Bxb5 18. exf6 Bxf6 {Black is better.} 19. Bxf6 Bxe2 20. Rfe1 exf6 1/2-1/2

[Event "Shanghai COITCT 2019"]
[Site "Shanghai"]
[Date "2019.09.17"]
[Round "8.8"]
[White "Kobalia, Mikhail"]
[Black "Darini, Pouria"]
[Result "0-1"]
[WhiteElo "2608"]
[BlackElo "2428"]
[Annotator "RC"]
[PlyCount "94"]
[EventDate "2019.09.15"]
[EventType "team-tourn"]
[EventCountry "CHN"]
[SourceTitle "playchess.com"]
[Source "ChessBase"]
[SourceQuality "1"]
[TimeControl "1500+10"]

1. e4 {[%emt 0:00:00]} c5 {[%emt 0:00:00]} 2. Nf3 {[%emt 0:00:00]} Nc6 {[%emt 0:00:00]} 3. Bb5 {[%emt 0:00:08]} e6 {[%emt 0:00:00]} 4. O-O {[%emt 0:00:01]} Nge7 {[%emt 0:00:01]} 5. d4 {[%emt 0:00:01]} cxd4 {[%emt 0:00:08]} 6. Nxd4 {[%emt 0:00:02]} Qb6 {[%emt 0:00:05]} 7. Nxc6 {[%emt 0:00:07]} bxc6 {[%emt 0:00:06]} 8. Bd3 {[%emt 0:00:11]} Ng6 {[%emt 0:00:06]} 9. c4 {[%emt 0:00:16]} Bc5 {[%emt 0:03:42]} 10. Nc3 {[%emt 0:00:25]} Qc7 {[%emt 0:00:07]} 11. Kh1 {[%emt 0:00:43]} e5 {[%emt 0:02:39]} 12. Rb1 {[%emt 0:02:17]} Rb8 {[%emt 0:01:19]} 13. a3 {[%emt 0:00:58]} a5 {[%emt 0:03:20]} 14. Bd2 {[%emt 0:00:13]} O-O {[%emt 0:03:02]} 15. Na4 {[%emt 0:01:03]} Bd4 {[%emt 0:00:05]} 16. c5 {[%emt 0:00:14]} d5 {[%emt 0:01:40]} 17. cxd6 {[%emt 0:00:31]} Qxd6 {[%emt 0:00:01]} 18. Bc4 {[%emt 0:01:53]} Nh4 {[%emt 0:01:06]} 19. g3 {[%emt 0:01:49]} Ng6 {[%emt 0:01:28]} 20. Qe2 {[%emt 0:02:10]} Kh8 {[%emt 0:01:04]} 21. Bxa5 {[%emt 0:00:42]} f5 {[%emt 0:00:13]} 22. Rbd1 {[%emt 0:01:12]} c5 {[%emt 0:01:38]} 23. Nc3 {[%emt 0:00:42]} fxe4 {[%emt 0:01:34]} 24. Nxe4 {[%emt 0:00:38]} Qc6 {[%emt 0:00:01]} 25. b4 {[%emt 0:05:22]} Bh3 {[%emt 0:01:46]} 26. b5 {[%emt 0:00:01]} Qb7 {[%emt 0:00:30]} 27. f3 {[%emt 0:03:51]} Ra8 {[%emt 0:00:01]} 28. Bd2 {[%emt 0:00:17]} Rxa3 {[%emt 0:00:12]} 29. Ng5 {[%emt 0:00:26]} Bxf1 {[%emt 0:00:10]} 30. Rxf1 {[%emt 0:00:01]} h6 {[%emt 0:01:35]} 31. Ne4 {[%emt 0:00:17]} Ne7 {[%emt 0:00:03]} 32. Nd6 {[%emt 0:00:13]} Qa8 {[%emt 0:01:03]} 33. Nf7+ {[%emt 0:00:09]} Kh7 {[%emt 0:00:27]} 34. Bc1 {[%emt 0:00:56]} Rc3 {[%emt 0:00:18]} 35. Bd2 {[%emt 0:00:05]} Rxc4 {[%emt 0:00:30]} 36. Qxc4 {[%emt 0:00:02]} e4 {[%emt 0:00:01]} 37. b6 {[%emt 0:00:46]} Qc6 {[%emt 0:00:23]} 38. h4 {[%emt 0:01:54]} exf3 {[%emt 0:00:09]} 39. Kh2 {[%emt 0:00:00]} Qxb6 {[%emt 0:00:24]} 40. Rxf3 {[%emt 0:00:04]} Qb2 {[%emt 0:00:25]} 41. Qe2 {[%emt 0:00:51]} Kg8 {[%emt 0:00:10]} 42. Qxe7 {[%emt 0:00:05]} Qxd2+ {[%emt 0:00:02]} 43. Kh3 Bf6 {[%emt 0:00:12]} 44. Rxf6 {[%emt 0:00:25]} gxf6 {[%emt 0:00:07]} 45. Nd6 {[%emt 0:00:11]} Qd5 {[%emt 0:00:09]} 46. Qd7 {[%emt 0:00:14]} h5 {[%emt 0:00:18]} 47. Kh2 {[%emt 0:00:13]} Ra8 {[%emt 0:00:01]} 0-1

[Event "Shanghai COITCT 2019"]
[Site "Shanghai"]
[Date "2019.09.17"]
[Round "8.9"]
[White "Gholami, Aryan"]
[Black "Murzin, Volodar"]
[Result "1-0"]
[WhiteElo "2542"]
[BlackElo "2433"]
[Annotator "TA"]
[PlyCount "137"]
[EventDate "2019.09.15"]
[EventType "team-tourn"]
[EventCountry "CHN"]
[SourceTitle "playchess.com"]
[Source "ChessBase"]
[SourceQuality "1"]

{[%evp 17,137,53,54,17,50,52,61,62,70,26,70,37,57,22,7,17,54,34,54,37,69,52,54,26,58,45,87,87,79,47,122,120,129,81,173,168,170,105,183,172,172,172,166,179,201,186,203,154,220,218,220,213,213,220,233,218,355,294,309,318,277,291,286,197,194,168,269,235,287,177,264,263,242,15,283,150,209,224,211,210,389,388,465,470,392,242,435,442,440,445,435,434,441,440,439,363,442,475,467,447,441,427,746,738,843,832,677,826,827,766,1526,1452,2454,2245,2573,2325,4137,4137,29974,29977,10969,12552]} 1. Nf3 Nf6 2. g3 g6 3. b3 Bg7 4. Bb2 O-O 5. Bg2 d6 6. d4 Nbd7 7. O-O e5 8. dxe5 Ng4 9. c4 dxe5 10. Qc1 {E60: King's Indian: Unusual lines and Fianchetto Variation without Nc3} (10. Qc2 f5 11. h3 Nh6 12. Rd1 Qe8 13. Nc3 e4 14. Ng5 Qe7 15. Nd5 Qxg5 16. Bxg7 Kxg7 17. Nxc7 Nf6 18. Nxa8 {0-1 (47) Dreev,A (2664)-Harika,D (2514) Almaty 2016}) 10... Nh6 $146 ({Predecessor:} 10... f5 11. Ng5 Bh6 12. f4 Bxg5 13. fxg5 e4 14. Qf4 h6 15. gxh6 g5 16. Qd2 Nxh6 17. h4 c6 18. Qc3 {1-0 (18) Fingerov,D (2376)-Kozak,L (2340) Yuzhny 2009}) 11. Rd1 f6 12. Nc3 {White is slightly better.} Nf7 13. b4 Re8 14. c5 c6 15. Nd2 f5 $1 16. e4 Qf6 17. Ne2 Nf8 18. Nc4 Qe7 19. Qc2 Be6 20. Ne3 $36 {[%cal Re4f5][%mdl 2048] Black is under pressure.} fxe4 21. Nc3 Ng5 22. Nxe4 Nxe4 23. Bxe4 Nd7 (23... a5 $14) 24. Nc4 $16 Nf6 25. Bg2 (25. Bxe5 $2 Nxe4 26. Bxg7 Bxc4 $19) 25... Nd5 (25... Bxc4 $16 26. Qxc4+ Qe6 27. Qxe6+ Rxe6) 26. a3 $18 (26. Bxe5 $2 Bf5 $19) 26... Bf5 27. Qb3 (27. Qd2 $18) 27... e4 (27... Be6 $16) 28. Nd6 $1 Rf8 29. Re1 Bxb2 30. Qxb2 a5 31. b5 $1 (31. Bxe4 $6 Bxe4 32. Rxe4 Qf6) (31. Nxe4 $6 axb4 32. axb4 Rxa1 $16) 31... Rad8 32. Rad1 Nf6 (32... Qf6 $16 {was worth a try.} 33. Qxf6 Nxf6) 33. f3 Be6 34. fxe4 Ng4 35. Rd2 Qg5 {[#]} 36. e5 $1 h5 (36... Qh6 $142 37. h4 Qg7) 37. h3 (37. bxc6 bxc6 38. h4 (38. Bxc6 h4 $18) 38... Qe7 $18) 37... Nh6 38. Qc3 Nf5 39. Ne4 Qe7 40. Red1 (40. Qxa5 $6 cxb5 41. Rxd8 Qxd8 $18) 40... Rxd2 41. Rxd2 Kh8 (41... cxb5 {might work better.} 42. Qxa5 Ne3) 42. Nd6 (42. Qxa5 $6 h4 $16) 42... Qg5 43. Rf2 ({Worse is} 43. Nxb7 Ne3 $11) (43. bxc6 $6 bxc6 44. Nxf5 (44. Bxc6 Nxg3 {[%mdl 64] Discovered Attack} 45. Kh2 Nf1+ {[%mdl 64] Double Attack} 46. Kh1 Nxd2 47. Nf5 Rxf5 48. Qd4 Qg3 49. Bg2 Nf1 50. Qd8+ Kh7 51. Qc7+ Kh6 52. Qg7+ Kxg7 53. Bxf1 Rxf1#) 44... Qxf5 $18) 43... Kg7 (43... cxb5 $142 44. Nxb5 (44. Bxb7 b4 $14) 44... Kh7) 44. Ne4 ({Weaker is} 44. Nxb7 cxb5 45. Qf3 b4 $14) 44... Qe7 45. Qxa5 $2 (45. b6 $18) 45... Rd8 $2 {[%mdl 8192]} (45... Nxg3 $1 $11 {and Black has nothing to worry.} 46. Rxf8 (46. Nxg3 Rxf2 47. Kxf2 Qxc5+ {[%mdl 64] Double Attack} 48. Kf1 Bc4+ 49. Ne2 Bxe2+ 50. Kxe2 Qxe5+ 51. Kf1 Qf4+ 52. Kg1 Qd4+ 53. Kh2 Qe5+ 54. Kg1 Qd4+ 55. Kf1 Qf4+ 56. Kg1 Qe3+ 57. Kh1 Qc1+ 58. Kh2 Qf4+ 59. Kg1 $11) 46... Nxe4 47. Bxe4 Kxf8) 46. Kh2 ({White should play} 46. Nd6 $18) 46... Rd3 {[#]} (46... h4 $16 {is a better defense.}) 47. bxc6 $1 bxc6 48. Qa6 {[%mdl 64] Double Attack} Rb3 $2 (48... Rd5 49. Qxc6 Rxe5) 49. Qxc6 Rxa3 50. Rb2 {Rb7! is the strong threat.} Ra7 51. Nf6 Nd4 $2 (51... Bf7 {was necessary.}) 52. Qd6 Nf5 53. Qxe7+ Nxe7 54. Rb7 Rxb7 55. Bxb7 {[%mdl 4096] Endgame KBN-KBN} Kf7 56. Ne4 {aiming for Ng5+.} Ke8 57. Kg2 Kd7 58. Nf6+ Kc7 59. Be4 Bf7 (59... Nc6 $142 60. Bxg6 Nxe5 61. Bxh5 Nd3) 60. Kf3 Nc6 61. Kf4 Nd4 62. Kg5 Ne6+ 63. Kh6 h4 64. gxh4 Nxc5 65. Bxg6 Be6 66. Ne4 Nd7 67. Ng5 Bxh3 68. Nxh3 Nxe5 69. h5 {Accuracy: White = 62%, Black = 23%.} 1-0

[Event "Shanghai COITCT 2019"]
[Site "Shanghai"]
[Date "2019.09.17"]
[Round "8.10"]
[White "Venkatesh, M.R."]
[Black "Lodhi, Mahmood"]
[Result "1/2-1/2"]
[WhiteElo "2481"]
[BlackElo "2349"]
[Annotator "ChessBase"]
[PlyCount "72"]
[EventDate "2019.09.15"]
[EventType "team-tourn"]
[EventCountry "CHN"]
[SourceTitle "playchess.com"]
[Source "ChessBase"]
[SourceQuality "1"]
[TimeControl "1500+10"]

1. e4 {[%emt 0:00:00]} e5 {[%emt 0:00:00]} 2. Nf3 {[%emt 0:00:00]} Nc6 {[%emt 0:00:00]} 3. Bb5 {[%emt 0:00:00]} a6 {[%emt 0:00:00]} 4. Ba4 {[%emt 0:00:00]} Nf6 {[%emt 0:00:00]} 5. d3 {[%emt 0:00:03]} d6 {[%emt 0:00:35]} 6. c3 {[%emt 0:00:06]} Be7 {[%emt 0:00:03]} 7. Nbd2 {[%emt 0:00:23]} O-O {[%emt 0:00:02]} 8. O-O {[%emt 0:00:07]} b5 {[%emt 0:00:01]} 9. Bc2 {[%emt 0:00:03]} Bb7 {[%emt 0:00:47]} 10. a4 {[%emt 0:00:07]} d5 {[%emt 0:00:57]} 11. Qe2 {[%emt 0:00:29]} dxe4 {[%emt 0:00:43]} 12. dxe4 {[%emt 0:00:15]} Bd6 {[%emt 0:01:44]} 13. Bd3 {[%emt 0:00:40]} Na7 {[%emt 0:00:58]} 14. b4 {[%emt 0:00:55]} c6 {[%emt 0:03:21]} 15. Nb3 {[%emt 0:00:13]} Nc8 {[%emt 0:00:18]} 16. Bg5 {[%emt 0:01:38]} h6 {[%emt 0:00:16]} 17. Bh4 {[%emt 0:00:04]} Nb6 {[%emt 0:00:10]} 18. Na5 {[%emt 0:00:03]} Rb8 {[%emt 0:00:18]} 19. axb5 {[%emt 0:00:37]} axb5 {[%emt 0:00:03]} 20. Bg3 {[%emt 0:01:39]} Qc7 {[%emt 0:01:27]} 21. Nxb7 {[%emt 0:02:53]} Rxb7 {[%emt 0:00:19]} 22. Rfc1 {[%emt 0:00:03]} Nh5 {[%emt 0:00:21]} 23. Nh4 {[%emt 0:00:44]} Nxg3 {[%emt 0:00:11]} 24. hxg3 {[%emt 0:00:01]} g6 {[%emt 0:00:32]} 25. Ra6 {[%emt 0:00:13]} Ra7 {[%emt 0:00:26]} 26. Rxa7 {[%emt 0:02:14]} Qxa7 {[%emt 0:00:32]} 27. Qd2 {[%emt 0:00:14]} Kg7 {[%emt 0:00:20]} 28. Nf3 {[%emt 0:02:22]} Rd8 {[%emt 0:03:43]} 29. Bf1 {[%emt 0:01:27]} Qa3 {[%emt 0:01:26]} 30. Rc2 {[%emt 0:00:17]} Bc7 {[%emt 0:00:27]} 31. Qe3 {[%emt 0:01:31]} Rd1 {[%emt 0:01:27]} 32. Nd2 {[%emt 0:02:33]} Qa1 {[%emt 0:00:42]} 33. Qe2 {[%emt 0:01:45]} Re1 {[%emt 0:00:32]} 34. Qd3 {[%emt 0:00:03]} Rd1 {[%emt 0:00:04]} 35. Qe2 {[%emt 0:01:11]} Re1 {[%emt 0:00:02]} 36. Qd3 {[%emt 0:00:02]} Rd1 {[%emt 0:00:01]} 1/2-1/2

[Event "Shanghai COITCT 2019"]
[Site "Shanghai"]
[Date "2019.09.17"]
[Round "8.11"]
[White "Khan, Mohd. Omer"]
[Black "Krishna C R G"]
[Result "0-1"]
[WhiteElo "2273"]
[BlackElo "2446"]
[Annotator "NA"]
[PlyCount "47"]
[EventDate "2019.09.15"]
[EventType "team-tourn"]
[EventCountry "CHN"]
[SourceTitle "playchess.com"]
[Source "ChessBase"]
[SourceQuality "1"]
[TimeControl "1500+10"]

1. d4 {[%emt 0:00:00]} Nf6 {[%emt 0:00:00]} 2. Nf3 {[%emt 0:00:00]} d6 {[%emt 0:00:00]} 3. c4 {[%emt 0:00:00]} Nbd7 {[%emt 0:00:00]} 4. Nc3 {[%emt 0:00:00]} e5 {[%emt 0:00:00]} 5. dxe5 {[%emt 0:00:21]} dxe5 {[%emt 0:00:01]} 6. Bg5 {[%emt 0:00:11]} Be7 {[%emt 0:00:04]} 7. e4 {[%emt 0:00:20]} O-O {[%emt 0:00:12]} 8. Be2 {[%emt 0:00:10]} c6 {[%emt 0:00:03]} 9. O-O {[%emt 0:00:07]} Qc7 {[%emt 0:00:02]} 10. h3 {[%emt 0:00:32]} Nc5 {[%emt 0:00:18]} 11. Qc2 {[%emt 0:00:18]} a5 {[%emt 0:00:03]} 12. a3 {[%emt 0:01:25]} Nh5 {[%emt 0:00:41]} 13. Be3 {[%emt 0:01:02]} f5 {[%emt 0:01:52]} 14. b4 {[%emt 0:01:38]} Nxe4 {[%emt 0:00:07]} 15. Nxe4 {[%emt 0:00:05]} fxe4 {[%emt 0:00:07]} 16. Qxe4 {[%emt 0:00:03]} Nf4 {[%emt 0:00:38]} 17. Bd2 {[%emt 0:01:10]} Bf5 {[%emt 0:02:17]} 18. Qe3 {[%emt 0:01:04]} Rad8 {[%emt 0:00:22]} 19. Bc3 {[%emt 0:00:17]} Nxe2+ {[%emt 0:00:23]} 20. Qxe2 {[%emt 0:00:04]} Bd3 {[%emt 0:00:03]} 21. Qa2 {[%emt 0:01:03]} Bxf1 {[%emt 0:00:08]} 22. Rxf1 {[%emt 0:00:32]} e4 {[%emt 0:00:35]} 23. Ne5 {[%emt 0:00:13]} Bf6 {[%emt 0:00:11]} 24. Ng4 {[%emt 0:00:11]} 0-1